The new pastor's handbook : (Record no. 9595)

MARC details
000 -LEADER
fixed length control field 01073cam a2200313 i 4500
001 - CONTROL NUMBER
control field 903675657
003 - CONTROL NUMBER IDENTIFIER
control field OCoLC
005 - DATE AND TIME OF LATEST TRANSACTION
control field 20241126110715.0
008 - FIXED-LENGTH DATA ELEMENTS--GENERAL INFORMATION
fixed length control field 150421s2015 miu b 000 0 eng
010 ## -
-- 2015015861
020 ## - INTERNATIONAL STANDARD BOOK NUMBER
International Standard Book Number 9780801018350 (pbk.)
020 ## - INTERNATIONAL STANDARD BOOK NUMBER
International Standard Book Number 0801018358 (pbk.)
035 ## - SYSTEM CONTROL NUMBER
System control number (OCoLC)903675657
040 ## - CATALOGING SOURCE
Original cataloging agency DLC
Language of cataloging eng
Description conventions rda
Transcribing agency DLC
Modifying agency YDX
-- YDXCP
-- BTCTA
-- BDX
-- OCLCF
-- XBE
-- LNT
-- ATH
042 ## -
-- pcc
050 00 -
-- BV4011.3
-- .H45 2015
082 ## - DEWEY DECIMAL CLASSIFICATION NUMBER
Classification number 253
Item number HEL
100 1# - MAIN ENTRY--PERSONAL NAME
Personal name Helopoulos, Jason.
9 (RLIN) 16666
245 14 - TITLE STATEMENT
Title The new pastor's handbook :
Remainder of title help and encouragement for the first years of ministry /
Statement of responsibility, etc. Jason Helopoulos.
264 #1 - PRODUCTION, PUBLICATION, DISTRIBUTION, MANUFACTURE, AND COPYRIGHT NOTICE
Place of production, publication, distribution, manufacture Grand Rapids :
Name of producer, publisher, distributor, manufacturer Baker Books,
Date of production, publication, distribution, manufacture, or copyright notice 2015.
300 ## - PHYSICAL DESCRIPTION
Extent 208 pages ;
Dimensions 21 cm
336 ## - CONTENT TYPE
Content type term text
Content type code txt
Source rdacontent
337 ## - MEDIA TYPE
Media type term unmediated
Media type code n
Source rdamedia
338 ## - CARRIER TYPE
Carrier type term volume
Carrier type code nc
Source rdacarrier
504 ## - BIBLIOGRAPHY, ETC. NOTE
Bibliography, etc. note Includes bibliographical references.
505 0# - FORMATTED CONTENTS NOTE
Formatted contents note The beginning -- Starting out strong -- Encouragements -- Pitfalls of young pastors -- Joys of ministry.
650 #0 - SUBJECT ADDED ENTRY--TOPICAL TERM
Topical term or geographic name entry element Pastoral theology.
9 (RLIN) 414
942 ## - ADDED ENTRY ELEMENTS (KOHA)
Source of classification or shelving scheme Dewey Decimal Classification
Koha item type Books
Holdings
Withdrawn status Lost status Source of classification or shelving scheme Damaged status Not for loan Home library Current Library Shelving location Date acquired Total checkouts Full call number Barcode Date last seen Copy number Price effective from Koha item type
    Dewey Decimal Classification     GRACE BIBLE COLLEGE GRACE BIBLE COLLEGE Ministry & Mission 2023-03-21   253 HEL 016126 2025-05-01 c.1 2023-03-21 Books
© Grace Bible College Library 2025